[Event "European Blitz 2022"]
[Site "Katowice POL"]
[Date "2022.12.16"]
[Round "16.69"]
[White "Bazakutsa, Svyatoslav"]
[Black "Kacprzak, Kacper"]
[Result "1-0"]
[WhiteElo "2318"]
[BlackElo "2289"]
[WhiteFideId "14198525"]
[BlackFideId "21819319"]
[EventDate "2022.12.16"]

1. c4 Nf6 2. Nc3 e6 3. e4 c5 4. e5 Ng8 5. d4 cxd4 6. Qxd4 Nc6 7. Qf4 Nge7 8. Nf3
Ng6 9. Qg3 d6 10. Bg5 f6 11. exf6 gxf6 12. Be3 a6 13. Nh4 Nce5 14. f4 Nxh4 15.
Qxh4 Ng6 16. Qh5 f5 17. Bd4 e5 18. fxe5 dxe5 19. Be3 Be6 20. Rd1 Qa5 21. Bd3 Bb4
22. O-O e4 23. Bxe4 fxe4 24. Nd5 O-O-O 25. Kh1 Bxd5 26. cxd5 Kb8 27. Qf5 Rhe8
28. a3 Bd6 29. g3 Qb5 30. Rf2 Qd7 31. Qf6 Be5 32. Qb6 Qd6 33. Qa7+ Kc8 34. Rc1+
Qc7 35. Rxc7+ Bxc7 36. Rc2 Re7 37. Qa8+ Kd7 38. Qxb7 Rc8 39. Qc6+ Kd8 40. d6 Rd7
41. Bg5+ Ke8 42. Qxe4+ Kf7 43. Qf5+ Ke8 44. Qe6+ Ne7 45. Bxe7 Bxd6 46. Bxd6+ 1-0

[Event "European Blitz 2022"]
[Site "Katowice POL"]
[Date "2022.12.16"]
[Round "16.70"]
[White "Bergsson, Stefan"]
[Black "Cyfka, Karina"]
[Result "0-1"]
[BlackTitle "IM"]
[WhiteElo "2172"]
[BlackElo "2348"]
[WhiteFideId "2301393"]
[BlackFideId "1122681"]
[EventDate "2022.12.16"]

1. d4 Nf6 2. c4 e6 3. Nc3 Bb4 4. a3 Bxc3+ 5. bxc3 O-O 6. f3 d6 7. e4 e5 8. Bd3
h6 9. Ne2 Nc6 10. O-O b6 11. Ra2 Na5 12. f4 Be6 13. fxe5 dxe5 14. dxe5 Ng4 15.
Nd4 Nxe5 16. Raf2 Bg4 17. Qd2 c5 18. Bb1 Naxc4 19. Qf4 cxd4 20. h3 Be6 21. Qg3
Kh8 22. Rf6 Ng6 23. Rxe6 fxe6 24. Qxg6 Rxf1+ 25. Kxf1 d3 26. e5 Nxe5 27. Qe4 Qd5
28. Qe1 Nc4 29. Bd2 Rf8+ 30. Kg1 e5 31. Bxh6 gxh6 32. Qh4 Kg7 33. Qg3+ Kf7 34.
Bxd3 Nd6 35. Qg6+ Ke7 36. Be2 Rg8 37. Qh7+ Kd8 38. Bf3 Qf7 39. Qd3 Kc7 40. c4
Qf4 41. Qe2 Qd4+ 42. Kh1 e4 43. Bg4 Rf8 44. c5 bxc5 45. Qa6 Qa1+ 46. Kh2 Qe5+
47. Kg1 Qd4+ 48. Kh2 c4 49. Qa5+ Qb6 50. Qe5 Re8 51. Qg7+ Kb8 52. Bh5 Rd8 53.
Qe7 Qc7 54. Qe5 Nb5 0-1

[Event "European Blitz 2022"]
[Site "Katowice POL"]
[Date "2022.12.16"]
[Round "16.71"]
[White "Grzesik, Gracjan"]
[Black "Drazic, Sinisa"]
[Result "0-1"]
[BlackTitle "GM"]
[WhiteElo "2148"]
[BlackElo "2372"]
[WhiteFideId "1194593"]
[BlackFideId "901172"]
[EventDate "2022.12.16"]

1. c4 e6 2. Nc3 Nf6 3. e4 d6 4. d4 e5 5. Nge2 Be7 6. g3 Bg4 7. Bg2 Nc6 8. f3
exd4 9. Nxd4 Nxd4 10. Qxd4 Be6 11. O-O c6 12. Be3 O-O 13. Rad1 Qa5 14. b3 Rfd8
15. Qd2 Qc7 16. Qf2 b6 17. Rc1 Qb7 18. Rfd1 Rac8 19. h3 Nd7 20. f4 f6 21. g4 a6
22. Ne2 Bf7 23. Nd4 Bf8 24. Nf5 Nc5 25. Rd2 a5 26. Rcd1 Qc7 27. h4 g6 28. Ng3
Re8 29. g5 Qe7 30. Bd4 fxg5 31. hxg5 Be6 32. f5 Bf7 33. Bf6 Qc7 34. fxg6 Bxg6
35. Nf5 Nxe4 36. Bxe4 Rxe4 37. Nxd6 Bxd6 38. Rxd6 Rg4+ 39. Kf1 Re8 40. Rd7 Qf4
41. Rg7+ Kf8 42. Qxf4 Rxf4+ 43. Kg2 Rfe4 44. Rf1 Re2+ 45. Kg1 Re1 46. Bc3+ Rxf1+
47. Kxf1 Re3 48. Bf6 a4 49. Rc7 axb3 50. axb3 c5 51. Rc8+ Kf7 52. Rc7+ Ke8 53.
Rc8+ Kd7 54. Rb8 Rxb3 55. Bd8 Kc6 56. Rc8+ Kb7 57. Rc7+ Ka6 58. Rc6 Bd3+ 59. Ke1
Bxc4 60. Rd6 Bd3 61. Kd2 Bg6 62. Kc1 Rb1+ 63. Kd2 Kb7 64. Kc3 b5 65. Rb6+ Kc8
66. Bf6 Kc7 67. Ra6 Rc1+ 68. Kb2 Rc2+ 69. Kb3 Re2 70. Kc3 Re3+ 71. Kb2 b4 72.
Ra7+ Kb6 73. Ra8 Kb5 74. Rb8+ Kc4 75. Rc8 Re2+ 76. Kc1 Rf2 77. Be7 Rf5 78. Kb2
Re5 79. Bd6 Rxg5 80. Be7 Re5 81. Bf8 Rd5 82. Kc1 Bf5 83. Rc7 h5 84. Rg7 Bg4 85.
Kb2 Rd2+ 86. Kc1 Rd1+ 87. Kc2 Rf1 88. Bd6 Rf2+ 89. Kc1 Kd5 90. Be7 Rf5 91. Rg8
Kc4 92. Kb2 Rf2+ 93. Kc1 Rf1+ 94. Kb2 Re1 95. Bd6 Re2+ 96. Kc1 Kc3 97. Kb1 Re1+
98. Ka2 Be6# 0-1

[Event "European Blitz 2022"]
[Site "Katowice POL"]
[Date "2022.12.16"]
[Round "16.72"]
[White "Walter, Szymon"]
[Black "Pidluznij, Gleb"]
[Result "1-0"]
[WhiteTitle "FM"]
[WhiteElo "2327"]
[BlackElo "2159"]
[WhiteFideId "1172590"]
[BlackFideId "12817082"]
[EventDate "2022.12.16"]

1. e4 c6 2. d4 d5 3. f3 e6 4. Nc3 Bb4 5. Ne2 Nf6 6. Qd3 b6 7. Bd2 Ba6 8. Qe3 O-O
9. O-O-O Nbd7 10. a3 Bxc3 11. Nxc3 Bxf1 12. Rhxf1 a5 13. g4 b5 14. e5 Ne8 15.
Ne2 Qc7 16. f4 c5 17. Kb1 cxd4 18. Nxd4 Rb8 19. Rde1 Nc5 20. f5 Qd7 21. fxe6
Nxe6 22. Bxa5 N8c7 23. Bb4 Rfe8 24. Bd6 Nxd4 25. Qxd4 Rbc8 26. Re3 Ne6 27. Qxd5
Rc5 28. Qd3 Rc4 29. Ref3 Nd8 30. g5 Re6 31. Rh3 Rg6 32. Rg3 Rh4 33. h3 Ne6 34.
Qe3 Qd8 35. Rd1 Qc8 36. Qb3 Qc6 37. Rc3 Rc4 38. Rxc4 Qxc4 39. Qxc4 bxc4 40. h4
h6 41. a4 hxg5 42. hxg5 Rxg5 43. a5 c3 44. a6 Rg4 45. b3 1-0

[Event "European Blitz 2022"]
[Site "Katowice POL"]
[Date "2022.12.16"]
[Round "16.73"]
[White "Vega Gutierrez, Sabrina"]
[Black "Rog, Bartlomiej"]
[Result "0-1"]
[WhiteTitle "IM"]
[WhiteElo "2361"]
[BlackElo "1969"]
[WhiteFideId "2219026"]
[BlackFideId "21857377"]
[EventDate "2022.12.16"]

1. e4 c6 2. d4 d5 3. e5 c5 4. dxc5 e6 5. a3 Bxc5 6. b4 Bb6 7. Nf3 Nc6 8. Bd3
Nge7 9. O-O O-O 10. Re1 Ng6 11. Bb2 Bd7 12. Nbd2 Rc8 13. c4 Nf4 14. Bf1 dxc4 15.
Nxc4 Bc7 16. Qd2 Nd5 17. Bd3 Nce7 18. Rad1 Ng6 19. g3 Ba4 20. Rc1 Qe7 21. h4
Rfd8 22. h5 Nf8 23. Qe2 Bb5 24. Qe4 Nb6 25. Nd4 Bxc4 26. Bxc4 Nxc4 27. Rxc4 Bb6
28. Rec1 Rxc4 29. Rxc4 Qg5 30. Qe2 Nd7 31. Kg2 0-1

[Event "European Blitz 2022"]
[Site "Katowice POL"]
[Date "2022.12.16"]
[Round "16.74"]
[White "Ribeiro, Gustavo"]
[Black "Ternault, Mathieu"]
[Result "1/2-1/2"]
[BlackTitle "FM"]
[WhiteElo "1836"]
[BlackElo "2351"]
[WhiteFideId "1941852"]
[BlackFideId "20641532"]
[EventDate "2022.12.16"]

1. d4 Nc6 2. c4 e5 3. e3 Nf6 4. Nf3 Bb4+ 5. Bd2 Qe7 6. d5 Nb8 7. Bxb4 Qxb4+ 8.
Qd2 Qe7 9. Nc3 d6 10. Be2 O-O 11. O-O a5 12. Ne1 Na6 13. Nd3 b6 14. e4 Nb4 15.
h3 Ba6 16. a3 Nxd3 1/2-1/2

[Event "European Blitz 2022"]
[Site "Katowice POL"]
[Date "2022.12.16"]
[Round "16.75"]
[White "Gvetadze, Sofio"]
[Black "Shilov, Sergej"]
[Result "0-1"]
[WhiteTitle "IM"]
[BlackTitle "FM"]
[WhiteElo "2298"]
[BlackElo "2047"]
[WhiteFideId "13601440"]
[BlackFideId "14101505"]
[EventDate "2022.12.16"]

1. Nf3 Nf6 2. g3 g6 3. Bg2 Bg7 4. O-O O-O 5. d3 c5 6. e4 d5 7. Nbd2 Nc6 8. Re1
b6 9. Qe2 e6 10. Nf1 a5 11. e5 Ng4 12. Bf4 f6 13. exf6 Nxf6 14. c3 a4 15. a3 h6
16. Ne5 Nxe5 17. Bxe5 Bd7 18. c4 Bc6 19. Bh3 Bd7 20. Rad1 Kh7 21. Ne3 b5 22.
Bxf6 Bxf6 23. Bg2 Bc6 24. Ng4 Bd4 25. Qxe6 Bd7 26. Qe7+ Kh8 27. Qxd8 Raxd8 28.
Ne3 dxc4 29. dxc4 bxc4 30. Rd2 c3 31. Rc2 cxb2 32. Nc4 Bf5 33. Rxb2 Bxb2 34.
Nxb2 Rd2 35. Nxa4 Bd7 36. Nxc5 Rfxf2 37. Bh1 Bh3 38. Ne4 Rfe2 39. Rc1 Rc2 40.
Rd1 Ra2 41. Rc1 Rxh2 42. Nc3 Rac2 43. Re1 Rhd2 44. Ne4 Re2 45. Rd1 Bg2 46. Rd8+
Kg7 47. Rd7+ Kf8 48. Bxg2 Rxg2+ 49. Kf1 Rh2 50. Kg1 Rhe2 51. Rd1 Rxe4 52. Rf1+
Kg7 0-1

[Event "European Blitz 2022"]
[Site "Katowice POL"]
[Date "2022.12.16"]
[Round "16.76"]
[White "Suder, Jakub"]
[Black "Warchol, Kamil"]
[Result "1-0"]
[WhiteTitle "FM"]
[BlackTitle "FM"]
[WhiteElo "2244"]
[BlackElo "2164"]
[WhiteFideId "1195310"]
[BlackFideId "21858241"]
[EventDate "2022.12.16"]

1. d4 Nf6 2. c4 e6 3. Nc3 Bb4 4. f3 O-O 5. a3 Bxc3+ 6. bxc3 d5 7. cxd5 exd5 8.
e3 Nbd7 9. Bd3 c5 10. Ne2 Re8 11. O-O b6 12. Ng3 Bb7 13. Ra2 Nf8 14. Re2 Rc8 15.
Bb2 Ne6 16. Rfe1 a6 17. Bb1 b5 18. e4 g6 19. e5 Nd7 20. Rf2 Qh4 21. f4 f5 22.
Bxf5 cxd4 23. Bxe6+ Rxe6 24. cxd4 Rf8 25. Ref1 Kh8 26. f5 gxf5 27. Nxf5 Qd8 28.
Nd6 1-0

[Event "European Blitz 2022"]
[Site "Katowice POL"]
[Date "2022.12.16"]
[Round "16.77"]
[White "Marn, Jan"]
[Black "Ziogas, Modestas"]
[Result "1-0"]
[WhiteTitle "FM"]
[WhiteElo "2332"]
[BlackElo "2098"]
[WhiteFideId "14619245"]
[BlackFideId "12803740"]
[EventDate "2022.12.16"]

1. Nf3 d5 2. g3 h5 3. h4 Nc6 4. d4 Bg4 5. Bg2 Qd7 6. Bf4 O-O-O 7. Nc3 f6 8. Qd2
e6 9. O-O-O Bb4 10. a3 Ba5 11. b4 Bb6 12. Na4 Bxf3 13. Nxb6+ axb6 14. Bxf3 Nge7
15. Kb2 e5 16. dxe5 fxe5 17. Bg5 e4 18. Bg2 Ne5 19. Bh3 Nf5 20. Qf4 Nc4+ 21. Kb3
Rdf8 22. Qxe4 dxe4 23. Rxd7 Kxd7 24. Kxc4 g6 25. f3 Ke8 26. Rd1 Nd6+ 27. Kb3
exf3 28. e3 f2 29. Bf4 Kf7 30. Bg2 Rd8 31. Rf1 Nf5 32. Rxf2 c6 33. e4 Nd4+ 34.
Kb2 Rhe8 35. Bg5+ Kg7 36. Bf6+ Kg8 37. Bxd8 Rxd8 38. Rd2 Kf7 39. c3 Ne6 40. Rxd8
Nxd8 41. Kc2 Ke6 42. Kd3 Ke5 43. Bh3 c5 44. Bc8 Kd6 45. Ke3 Ke5 46. Kf3 cxb4 47.
axb4 Nf7 48. Bxb7 Nd6 49. Bd5 Nb5 50. c4 Nd4+ 51. Kf2 Nc2 52. b5 Nb4 53. Bf7 Kf6
54. Bd5 Nd3+ 55. Ke3 Ne5 56. Kd4 g5 1-0

[Event "European Blitz 2022"]
[Site "Katowice POL"]
[Date "2022.12.16"]
[Round "16.78"]
[White "Luczak, Filip"]
[Black "Kutowski, Marcel"]
[Result "1-0"]
[WhiteTitle "FM"]
[WhiteElo "2326"]
[BlackElo "2046"]
[WhiteFideId "1193686"]
[BlackFideId "21878285"]
[EventDate "2022.12.16"]

1. b3 Nf6 2. Bb2 g6 3. e3 Bg7 4. Nf3 O-O 5. Be2 d5 6. c4 c6 7. O-O Bf5 8. d4
Nbd7 9. Nbd2 a5 10. a3 Ne4 11. Nxe4 Bxe4 12. Rc1 a4 13. b4 dxc4 14. Bxc4 Nb6 15.
Bd3 Bxd3 16. Qxd3 Qd7 17. Rfd1 Rfd8 18. h3 Qd5 19. e4 Qb3 20. Qe2 Qe6 21. Qc2
Rac8 22. Re1 Nd7 23. Qxa4 Nf6 24. Qc2 h6 25. Qc4 Qxc4 26. Rxc4 e6 27. Kf1 Nd7
28. Ke2 b5 29. Rc2 Nb6 30. Rec1 Nc4 31. Rxc4 bxc4 32. Rxc4 Rd7 33. a4 Ra7 34. a5
Rb8 35. Bc3 Bf8 36. Ne5 Rc7 37. Nxc6 Rb5 38. Kd3 Rcb7 39. a6 R7b6 40. a7 Ra6 41.
Kc2 Bd6 42. Kb3 Kf8 43. g3 Bc7 44. Bd2 h5 45. Rc5 Rb7 46. b5 Bd6 47. Kc4 Ra4+
48. Bb4 Bxc5 49. dxc5 Ke8 50. b6 Kd7 51. Na5 1-0

[Event "European Blitz 2022"]
[Site "Katowice POL"]
[Date "2022.12.16"]
[Round "16.79"]
[White "Martinez Pla, Xavier"]
[Black "Kolodziejski, Piotr"]
[Result "1-0"]
[WhiteTitle "FM"]
[WhiteElo "2277"]
[BlackElo "2091"]
[WhiteFideId "32074271"]
[BlackFideId "21840962"]
[EventDate "2022.12.16"]

1. e4 c5 2. Nf3 e6 3. d4 cxd4 4. Nxd4 Nc6 5. Nc3 Qc7 6. Be3 a6 7. a3 Nf6 8. f4
d6 9. Qf3 Be7 10. Nxc6 bxc6 11. g4 d5 12. g5 Nxe4 13. Nxe4 dxe4 14. Qxe4 Bb7 15.
Bg2 Rb8 16. O-O-O O-O 17. Qa4 Rfd8 18. h4 c5 19. Rxd8+ Rxd8 20. Be4 Bxe4 21.
Qxe4 Qd6 22. Qc4 Qd5 23. Qxd5 exd5 24. Re1 Kf8 25. f5 d4 26. Bf4 Bd6 27. Bxd6+
Rxd6 28. Re5 Rc6 29. Kd2 c4 30. Rd5 c3+ 31. bxc3 Rxc3 32. a4 Rf3 33. Rxd4 Rxf5
34. Kc3 Ke7 35. Kb4 h6 36. gxh6 gxh6 37. c4 a5+ 38. Kc3 Rf3+ 39. Kb2 f5 40. Rd5
Rf4 41. Kc3 Ke6 42. Rxa5 Rxh4 43. Ra8 Kd6 44. Kb4 Kc6 45. Ra6+ Kb7 46. Rf6 f4
47. Kb5 Rh1 48. Rf7+ Kc8 49. Rxf4 h5 50. Rf7 h4 51. c5 h3 52. Kc6 Kb8 53. Kd7 h2
54. Kc6 Ka8 55. Rh7 Kb8 56. Rh8+ Ka7 57. a5 Ra1 58. Rxh2 Rxa5 59. Rb2 Ra1 60.
Kc7 Rd1 61. Ra2# 1-0

[Event "European Blitz 2022"]
[Site "Katowice POL"]
[Date "2022.12.16"]
[Round "16.80"]
[White "Golek-Schild, Jagoda"]
[Black "Pein, Jonathan"]
[Result "0-1"]
[BlackTitle "CM"]
[WhiteElo "1986"]
[BlackElo "2252"]
[WhiteFideId "1138529"]
[BlackFideId "417092"]
[EventDate "2022.12.16"]

1. e4 g6 2. d4 Bg7 3. Nf3 d6 4. h3 Nc6 5. Be2 Nf6 6. Nc3 O-O 7. O-O e5 8. Be3
exd4 9. Nxd4 Re8 10. f3 d5 11. exd5 Nxd5 12. Nxc6 bxc6 13. Nxd5 Qxd5 14. Bf2
Bxb2 15. Rb1 Bg7 16. Bd3 Qxa2 17. Be4 Ba6 18. Bxc6 Bxf1 19. Qxf1 Rab8 0-1

[Event "European Blitz 2022"]
[Site "Katowice POL"]
[Date "2022.12.16"]
[Round "16.81"]
[White "Solys, Laimutis"]
[Black "Sowinski, Pawel"]
[Result "0-1"]
[WhiteTitle "FM"]
[WhiteElo "2289"]
[BlackElo "2064"]
[WhiteFideId "12800368"]
[BlackFideId "21881979"]
[EventDate "2022.12.16"]

1. e4 c6 2. d4 d5 3. exd5 cxd5 4. Bd3 Nc6 5. c3 g6 6. h3 Bf5 7. Be2 Nf6 8. Nf3
Bg7 9. O-O O-O 10. Bf4 Ne4 11. Nbd2 a6 12. Re1 h6 13. Bf1 g5 14. Bh2 Bg6 15. Rc1
e6 16. Nxe4 dxe4 17. Nd2 f5 18. Bc4 Bf7 19. f3 e5 20. Bxf7+ Rxf7 21. dxe5 Nxe5
22. Bxe5 Bxe5 23. fxe4 Bf4 24. Re2 fxe4 25. Nxe4 Qb6+ 26. Kh1 Bxc1 27. Qxc1 Raf8
28. Re1 Qg6 29. Qd2 Rf1+ 30. Kh2 Rxe1 31. Qxe1 Qe6 32. Qe2 Qe5+ 33. Ng3 Qxe2 34.
Nxe2 Rf2 35. Nd4 Rxb2 36. Kg3 Rxa2 37. Kg4 Rxg2+ 0-1

[Event "European Blitz 2022"]
[Site "Katowice POL"]
[Date "2022.12.16"]
[Round "16.82"]
[White "Radecki, Adam"]
[Black "Zochowski, Kacper"]
[Result "0-1"]
[BlackTitle "FM"]
[WhiteElo "2012"]
[BlackElo "2256"]
[WhiteFideId "1197347"]
[BlackFideId "1125494"]
[EventDate "2022.12.16"]

1. e4 d6 2. d3 g6 3. Nd2 Bg7 4. g3 d5 5. Bg2 dxe4 6. Nxe4 Nf6 7. Nxf6+ Bxf6 8.
Nf3 Bg7 9. O-O O-O 10. d4 c6 11. c3 Bg4 12. h3 Bf5 13. Re1 Nd7 14. Bg5 Nf6 15.
Qb3 Qd7 16. Kh2 Be6 17. Qc2 Bf5 18. Qb3 Be6 19. Qa3 Rfe8 20. Rad1 h6 21. Bf4 Nd5
22. Bc1 Qd6 23. Qa4 Nb6 24. Qc2 Qd7 25. b3 a5 26. Ne5 Bxe5 27. Rxe5 Kh7 28. Qd2
g5 29. h4 f6 30. Ree1 Bf5 31. c4 Kg7 32. d5 cxd5 33. cxd5 Nc8 34. Qd4 Kg8 35.
Be4 Bxe4 36. Qxe4 Kg7 37. Bb2 Nd6 38. Qd3 Qf5 39. hxg5 hxg5 40. Qxf5 Nxf5 41.
Ba3 Kf7 42. Kg2 Rac8 43. Rd2 b6 44. Re6 Ng7 45. Rxb6 Rc7 46. Ra6 Rd8 47. Rxa5
Nf5 48. g4 Nh4+ 49. Kf1 Rh8 50. d6 Rd7 51. Rd3 Ng6 52. Re3 Nf4 53. Ke1 Ng2+ 54.
Ke2 Nxe3 55. Kxe3 exd6 56. Ra6 Ke6 57. Bb4 Rf8 58. Bc3 Rh8 59. Bd4 Rh3+ 60. f3
Re7 61. Kf2 Rh2+ 62. Kg3 Reh7 63. f4 R7h3# 0-1

[Event "European Blitz 2022"]
[Site "Katowice POL"]
[Date "2022.12.16"]
[Round "16.84"]
[White "Myrmus, Mateusz"]
[Black "Domenech, Vianney"]
[Result "1-0"]
[WhiteElo "2012"]
[BlackElo "2249"]
[WhiteFideId "21825335"]
[BlackFideId "656089"]
[EventDate "2022.12.16"]

1. e4 Nc6 2. Bc4 d6 3. d4 Nf6 4. Nc3 g6 5. f3 Bg7 6. Be3 O-O 7. Nge2 a6 8. a4 e5
9. d5 Ne7 10. O-O Ne8 11. b4 f5 12. b5 a5 13. b6 Kh8 14. bxc7 Qxc7 15. Qd3 fxe4
16. fxe4 Rxf1+ 17. Rxf1 Nf6 18. Nb5 Qd8 19. Ng3 h6 20. Qa3 Ne8 21. Be2 Kh7 22.
c4 Ng8 23. c5 dxc5 24. Bxc5 Ngf6 25. Qc3 b6 26. Ba3 Nd7 27. Rf7 Kg8 28. Rf2 Ba6
29. Bc4 Rc8 30. d6+ Kh7 31. Qd3 Nc5 32. Bxc5 Rxc5 33. d7 Rxc4 34. Qxc4 Qxd7 35.
h4 Nd6 36. Qd5 Bxb5 37. axb5 Qc7 38. h5 g5 39. Nf5 Nc4 40. Nxg7 Kxg7 41. Qe6 Ne3
42. Qg6+ Kh8 43. Rf8# 1-0

[Event "European Blitz 2022"]
[Site "Katowice POL"]
[Date "2022.12.16"]
[Round "16.85"]
[White "Rudzinska, Michalina"]
[Black "Kondys, Piotr"]
[Result "1-0"]
[WhiteTitle "WFM"]
[WhiteElo "2256"]
[BlackElo "1905"]
[WhiteFideId "1172883"]
[BlackFideId "21885575"]
[EventDate "2022.12.16"]

1. e4 e5 2. Bc4 Nf6 3. d3 c6 4. Nf3 d5 5. Bb3 Bd6 6. Nc3 Be6 7. Bg5 Bc7 8. O-O
h6 9. Bh4 d4 10. Ne2 Nbd7 11. Bg3 Bg4 12. Nh4 O-O 13. h3 Be6 14. Bxe6 fxe6 15.
Ng6 Re8 16. f4 exf4 17. Nexf4 Ne5 18. Nxe5 Bxe5 19. Nh5 Bxg3 20. Nxf6+ gxf6 21.
Qg4+ Kh7 22. Qxg3 Rg8 23. Qh4 Rg6 24. Rf2 Kg7 25. Raf1 Rg5 26. Rxf6 Qxf6 27.
Rxf6 Kxf6 28. Qxh6+ Rg6 29. Qf4+ Kg7 30. Qc7+ Kh6 31. Qxb7 Rag8 32. g4 Kg5 33.
Qe7+ Kf4 34. Kg2 Ke3 35. Qb4 Rf6 36. Qe1+ Kf4 37. Qf2+ Ke5 38. Qg3+ Rf4 39. g5
Rb8 40. b3 a5 41. g6 a4 42. Qg5+ 1-0

[Event "European Blitz 2022"]
[Site "Katowice POL"]
[Date "2022.12.16"]
[Round "16.86"]
[White "Cieslak, Wiktoria"]
[Black "Kastelik, Adrian"]
[Result "0-1"]
[WhiteElo "1910"]
[BlackElo "2091"]
[WhiteFideId "1160036"]
[BlackFideId "1134701"]
[EventDate "2022.12.16"]

1. e4 e5 2. Nf3 Nc6 3. d4 exd4 4. Bc4 Nf6 5. e5 Ng4 6. O-O d6 7. exd6 Bxd6 8. h3
Nge5 9. Re1 O-O 10. Nxe5 Nxe5 11. Bb3 c5 12. c3 Qf6 13. Nd2 Nd3 14. Ne4 Bh2+ 15.
Kf1 Qa6 16. Re2 c4 17. Bc2 Nxc1 18. Rxc1 d3 19. Bxd3 cxd3 20. Rd2 Bf4 21. Nc5
Qc6 22. Nxd3 Bxd2 23. Qxd2 Rd8 24. Qe3 Qc4 25. Rd1 Bf5 0-1

[Event "European Blitz 2022"]
[Site "Katowice POL"]
[Date "2022.12.16"]
[Round "16.87"]
[White "Mrvova, Alena"]
[Black "Hjartarson, Johann"]
[Result "0-1"]
[WhiteTitle "WIM"]
[BlackTitle "GM"]
[WhiteElo "2135"]
[BlackElo "2476"]
[WhiteFideId "14902036"]
[BlackFideId "2300044"]
[EventDate "2022.12.16"]

1. Nf3 Nf6 2. g3 b5 3. Bg2 Bb7 4. O-O e6 5. b3 d6 6. Bb2 Be7 7. d3 Nbd7 8. a4 b4
9. c3 a5 10. cxb4 axb4 11. Nbd2 c5 12. e4 O-O 13. Nc4 Re8 14. Re1 e5 15. Bc1 Nf8
16. Nh4 g6 17. a5 Ne6 18. Nb6 Ra7 19. Nd5 Nxd5 20. exd5 Nd4 21. Nf3 Nb5 22. Nd2
Nc3 23. Qg4 f5 24. Qh3 Bxd5 25. Bxd5+ Nxd5 26. Nc4 Nc3 27. Qg2 Bf6 28. Bd2 d5
29. Nb6 e4 30. dxe4 fxe4 31. Be3 d4 32. Bf4 d3 0-1

[Event "European Blitz 2022"]
[Site "Katowice POL"]
[Date "2022.12.16"]
[Round "16.89"]
[White "Masternak, Aleksander"]
[Black "Gretarsson, Helgi Ass"]
[Result "0-1"]
[BlackTitle "GM"]
[WhiteElo "2196"]
[BlackElo "2451"]
[WhiteFideId "1103350"]
[BlackFideId "2300699"]
[EventDate "2022.12.16"]

1. Nf3 g6 2. d4 Bg7 3. c4 e6 4. Nc3 Ne7 5. g3 d5 6. Bg2 O-O 7. O-O Nbc6 8. e3 b6
9. cxd5 exd5 10. b3 Re8 11. Bb2 h6 12. Ne5 Nxe5 13. dxe5 Bxe5 14. Nxd5 Bxb2 15.
Nxe7+ Qxe7 16. Bxa8 Bxa1 17. Qxa1 Ba6 18. Bc6 Bxf1 19. Bxe8 Bh3 20. Bc6 Qc5 21.
Bg2 Be6 22. Qb2 a5 23. h4 h5 24. a3 Qb5 25. b4 axb4 26. Qxb4 Qd3 27. Qe7 c5 28.
Qf6 Qxa3 29. Be4 Qa2 30. Qd8+ Kg7 31. Qxb6 Qa1+ 32. Kg2 Bc4 33. Kf3 Qd1+ 34. Kf4
Qd7 35. Qxc5 Qg4+ 36. Ke5 Qe6+ 37. Kf4 Qf6+ 38. Bf5 Be6 39. e4 gxf5 40. exf5 Bd7
41. Qe5 Qxe5+ 42. Kxe5 Bb5 43. f3 Be2 44. Kf4 Kf6 45. g4 Bd3 46. g5+ Ke7 47. Ke5
Bc2 48. f4 Bb1 49. f6+ Kd7 50. f5 Bc2 51. Kf4 Kd6 52. g6 fxg6 53. f7 Ke7 0-1

[Event "European Blitz 2022"]
[Site "Katowice POL"]
[Date "2022.12.16"]
[Round "16.90"]
[White "Cramling, Pia"]
[Black "Paprocki, Jaroslaw"]
[Result "1-0"]
[WhiteTitle "GM"]
[WhiteElo "2463"]
[BlackElo "2158"]
[WhiteFideId "1700030"]
[BlackFideId "1122274"]
[EventDate "2022.12.16"]

1. Nf3 Nf6 2. c4 c6 3. d4 d5 4. Qb3 Qb6 5. Nc3 Bf5 6. c5 Qc7 7. Bf4 Qc8 8. h3 h6
9. e3 Nbd7 10. Be2 g5 11. Bg3 Bg7 12. O-O O-O 13. Rfc1 Ne4 14. Bh2 Re8 15. Qd1
Nxc3 16. Rxc3 e5 17. b4 a6 18. a4 exd4 19. Nxd4 Bg6 20. Bf1 Nf6 21. b5 Ne4 22.
Rcc1 axb5 23. axb5 Rxa1 24. Rxa1 Nc3 25. Qb3 Bxd4 26. exd4 Nxb5 27. Bxb5 cxb5
28. Qxb5 Qc6 29. Qxc6 bxc6 30. Be5 Bd3 31. Ra7 Bb5 32. g4 Rc8 33. Kg2 Bd3 34.
Kg3 Bg6 35. h4 gxh4+ 36. Kxh4 Be4 37. Kg3 Bd3 38. f4 Re8 39. f5 Rd8 40. Rc7 Bb5
41. Kh4 Rf8 42. Bf6 Kh7 43. Kh5 Ba4 44. Be5 Bb5 45. Bf4 Rh8 46. Rxf7+ Kg8 47.
Rc7 Rh7 48. Rc8+ Kf7 49. Bxh6 Be2 50. Rxc6 Ke8 51. Kg5 Kd7 52. Rd6+ Kc7 53. Rxd5
Rh8 54. Rd6 Bd3 55. Kf4 Re8 56. Re6 Rd8 57. Ke3 Bb1 58. Bf4+ Kb7 59. Be5 Rg8 60.
Kf4 Ba2 61. Rb6+ Ka7 62. g5 Bd5 63. g6 Ka8 64. Rd6 Bc4 65. d5 Rf8 66. Kg5 Kb7
67. f6 1-0

[Event "European Blitz 2022"]
[Site "Katowice POL"]
[Date "2022.12.16"]
[Round "16.91"]
[White "Klepek, Witold"]
[Black "Diermair, Andreas"]
[Result "1-0"]
[BlackTitle "GM"]
[WhiteElo "2216"]
[BlackElo "2446"]
[WhiteFideId "1175068"]
[BlackFideId "1612468"]
[EventDate "2022.12.16"]

1. e4 d5 2. exd5 Qxd5 3. Nc3 Qa5 4. d4 Nf6 5. Bc4 Bf5 6. Nf3 e6 7. Bd2 Bb4 8. a3
Bxc3 9. Bxc3 Qb6 10. Ne5 Nc6 11. O-O O-O 12. a4 a5 13. Ra3 Rfd8 14. Rb3 Qa7 15.
Nxc6 bxc6 1-0

[Event "European Blitz 2022"]
[Site "Katowice POL"]
[Date "2022.12.16"]
[Round "16.92"]
[White "Galuszka, Tomasz"]
[Black "Novotny, Michal"]
[Result "0-1"]
[BlackTitle "FM"]
[WhiteElo "2184"]
[BlackElo "2250"]
[WhiteFideId "21816409"]
[BlackFideId "310980"]
[EventDate "2022.12.16"]

1. e4 e6 2. d4 d5 3. Nd2 a6 4. Ngf3 c5 5. exd5 exd5 6. Be2 Nf6 7. O-O Be7 8.
dxc5 Bxc5 9. Nb3 Bb6 10. Bg5 O-O 11. c3 Nc6 12. Nfd4 Ne5 13. Bh4 h6 14. Bg3 Nc4
15. Qc2 Re8 16. Rfe1 Ne4 17. Bd3 Nxg3 18. hxg3 Bd7 19. Rad1 Qf6 20. Re2 Bg4 21.
Rxe8+ Rxe8 22. Rb1 Bd7 23. Rf1 Ba4 24. Qc1 Ne5 25. Bb1 Ng4 26. Qc2 g6 27. Qd2
Qe5 28. Bc2 Qh5 29. Nf3 Bb5 30. Bd3 Bxd3 31. Qxd3 Ne5 32. Nxe5 Qxe5 33. Nd4 Bxd4
34. cxd4 Qe2 35. Qc3 Qc4 36. Rc1 Rc8 37. Qxc4 dxc4 38. Kf1 Kf8 39. Ke2 Ke7 40.
Ke3 Kd6 41. Kd2 Kd5 42. Kc3 Re8 43. Rc2 b5 44. a4 Rb8 45. axb5 axb5 46. Rd2 b4+
47. Kc2 Re8 48. Kd1 c3 49. bxc3 bxc3 50. Rd3 Kc4 51. Rf3 f5 52. Rf4 Kd3 53. Rf3+
Kxd4 54. Rf4+ Re4 55. Rf3 Kc4 56. Kc2 Re2+ 57. Kd1 Rd2+ 58. Kc1 Kb3 59. Rf4 Ra2
60. Kb1 c2+ 0-1